|
|
|
|
| LEADER |
00626nam a2200169 i 4500 |
| 001 |
misc57833 |
| 005 |
20210510092735.0 |
| 008 |
210510s1935 hu o 0|| hun d |
| 040 |
|
|
|a SZTE Miscellanea Repozitórium
|b hun
|
| 041 |
|
|
|a hun
|
| 100 |
1 |
|
|a Klebelsberg Kuno
|
| 245 |
1 |
0 |
|a Gróf Klebelsberg Kuno politikai hitvallása
|h [elektronikus dokumentum] /
|c Klebelsberg Kuno
|
| 260 |
|
|
|a Athenaeum
|b Budapest
|c 1935
|
| 300 |
|
|
|a 190 p.
|c 16 cm
|
| 591 |
|
|
|a Ügyészségi kötelespéldány (pecsét)
|
| 695 |
|
|
|a Művelődéspolitika - Magyarország - 20. sz.
|
| 856 |
4 |
0 |
|u http://misc.bibl.u-szeged.hu/57833/1/xa_175755.pdf
|z Dokumentum-elérés
|